000 00427nam a2200181Ia 4500
003 0STCL
008 150530s9999 xx 000 0 und d
040 _aSTCL
_cSTCL
100 _aShaijy Joshy
245 _aGovardhante Yathrakal Avasanikkunnilla
250 _a1
260 _bMangalodayam; Trichur
_c2008
_aTrichur
300 _a0
546 _aMalayalam
942 _2ddc
_cBK
999 _c79914
_d79914
005 20220125171730.0